000 00503nam a2200157 a 4500
001 000018064
005 20200929165335.0
008 100413s2012 dr ac 000 0 spa d
040 _aDO-SdBNP
_bspa
_cBNPHU
082 _axxx
_bxxx
100 1 _aMuñoz, Luis
_939153
245 1 0 _aExtranjero corazón :
_btarde de agosto /
_cLuis Muñoz.
260 _aSanto Domingo :
_bBúho,
_c2012.
300 _a113 p. :
_bil., retr. ;
_c24 cm.
500 _aIncluye datos biográficos del autor en la solapa de la cubierta
999 _c17586
_d17586